| 000 | 01104cab a2200289 4500 | ||
|---|---|---|---|
| 001 | ABS56472 | ||
| 008 | 090401t1997 xxu||||| |||| 00| 0 eng d | ||
| 035 | _a(Sirsi) u23890 | ||
| 041 | _aeng | ||
| 100 | _aBaker, C. | ||
| 245 | _aAllocation of housing | ||
| 260 | _c1997 | ||
| 350 | _a0 | ||
| 490 |
_aSolicitors` Journal _v141(1) 10 January 1997, 17(1) |
||
| 520 | _aExplains how the Housing Act 1996 part VI brings the selection and nomination of tenants by local housing authorities under statutory control. Includes the need for joint working between authorities and social landlords and services, defining a `qualifying person`, management of housing registers and allocation schemes, and the provision for access to information. | ||
| 650 | _aACCESS TO INFORMATION | ||
| 650 | _aACCESS TO PERSONAL FILES ACT 1987 | ||
| 650 | _aDATA PROTECTION ACT 1984 | ||
| 650 | _aHOUSING ACT 1996 PART VI | ||
| 650 | _aHOUSING REGISTER | ||
| 650 | _aLOCAL AUTHORITIES | ||
| 650 | _aQUALIFYING PERSON | ||
| 650 | _aSOCIAL HOUSING | ||
| 690 | _aHOUSING | ||
| 942 | _n0 | ||
| 948 | _c04/03/1997 | ||
| 999 |
_c15994 _d15994 |
||